| 000 | 00829cam a2200277 i 4500 | ||
|---|---|---|---|
| 005 | 20240211191954.0 | ||
| 008 | 190506s1977 fr b 000 0 fre | ||
| 010 | _a77456479 | ||
| 040 |
_aDLC _cDLC _dDLC _dEG-GiCUC |
||
| 050 | 0 | 0 |
_aML3795 _b.A9 |
| 092 | 0 | 4 |
_a780 _bA8833 _221 |
| 099 |
_a04 _a780 A8833 |
||
| 100 | 1 | _aAttali , Jacques. | |
| 245 | 1 | 0 |
_aBruits : _bessai sur l'âeconomie politique de la musique / _cJacques Attali. |
| 250 | _a1. âed. | ||
| 260 |
_a[Paris] : _bPresses universitaires de France , _c1977. |
||
| 300 |
_a301 p. ; _c21 cm. |
||
| 504 | _aBibliography: p. [297]-301. | ||
| 650 | 0 |
_aMusic _xEconomic aspects. |
|
| 650 | 0 |
_aMusic _xSocial aspects. |
|
| 902 | _a1 | ||
| 905 |
_ahanan _eCat. |
||
| 905 |
_aJihan _eRev |
||
| 942 |
_2ddc _cBK |
||
| 999 |
_c154010 _d154010 |
||